|
|
|
|
| LEADER |
00000nam2a2200000 4500 |
| 001 |
223595 |
| 005 |
20231031200234.0 |
| 035 |
|
|
|a (RuTPU)RU\TPU\book\243855
|
| 035 |
|
|
|a RU\TPU\book\243571
|
| 090 |
|
|
|a 223595
|
| 100 |
|
|
|a 20121012d1974 k y0rusy50 ca
|
| 101 |
0 |
|
|a rus
|
| 102 |
|
|
|a RU
|
| 105 |
|
|
|a a z 000zy
|
| 200 |
0 |
|
|a Т. 200 : Электрические машины
|
| 210 |
|
|
|c Изд-во Томского ун-та
|d 1974
|
| 215 |
|
|
|a 136 с.
|c рис., граф., схемы, табл., черт.
|
| 461 |
|
1 |
|0 (RuTPU)RU\TPU\book\200995
|t Известия Томского политехнического института [Известия ТПИ]
|f Томский политехнический институт (ТПИ)
|v Т. 200 : Электрические машины
|d 1944-1976
|
| 601 |
0 |
2 |
|a Томский политехнический институт (ТПИ)
|c (1944-1991)
|2 stltpush
|3 (RuTPU)RU\TPU\col\1123
|
| 610 |
1 |
|
|a научные исследования
|
| 610 |
1 |
|
|a электрические машины
|
| 610 |
1 |
|
|a теоретические вопросы
|
| 610 |
1 |
|
|a переходные процессы
|
| 610 |
1 |
|
|a надежность
|
| 610 |
1 |
|
|a расчеты
|
| 610 |
1 |
|
|a проектирование
|
| 610 |
1 |
|
|a асинхронные двигатели
|
| 610 |
1 |
|
|a роторы
|
| 610 |
1 |
|
|a обмотки
|
| 610 |
1 |
|
|a синхронные реактивные двигатели
|
| 610 |
1 |
|
|a тормозные электродвигатели
|
| 610 |
1 |
|
|a статорные цепи
|
| 610 |
1 |
|
|a электрическая несимметрия
|
| 610 |
1 |
|
|a динамика
|
| 610 |
1 |
|
|a якори
|
| 610 |
1 |
|
|a индуктивные сопротивления
|
| 610 |
1 |
|
|a случайные нагрузки
|
| 610 |
1 |
|
|a тепловой расчет
|
| 610 |
1 |
|
|a вибрационная нагрузка
|
| 610 |
1 |
|
|a ударные генераторы
|
| 610 |
1 |
|
|a высоковольтные обмотки
|
| 610 |
1 |
|
|a вода
|
| 610 |
1 |
|
|a разряд
|
| 610 |
1 |
|
|a инициирование
|
| 610 |
1 |
|
|a энергия
|
| 610 |
1 |
|
|a автономные генераторы
|
| 610 |
1 |
|
|a подшипники
|
| 610 |
1 |
|
|a износ
|
| 610 |
1 |
|
|a оптимизация
|
| 610 |
1 |
|
|a статическая устойчивость
|
| 610 |
1 |
|
|a преобразователи частоты
|
| 610 |
1 |
|
|a труды учёных ТПУ
|
| 675 |
|
|
|a 62
|v 3
|
| 801 |
|
1 |
|a RU
|b 63413507
|c 20090209
|g PSBO
|
| 801 |
|
2 |
|a RU
|b 63413507
|c 20191205
|g PSBO
|
| 942 |
|
|
|c BK
|